| 000 | 00503 a2200193 4500 | ||
|---|---|---|---|
| 005 | 20260212112934.0 | ||
| 008 | 260211b |||||||| |||| 00| 0 eng d | ||
| 020 |
_a9789391973544 _cRs. 2350.00 |
||
| 040 | _aMAIN | ||
| 082 |
_a613.7046 _bR188T |
||
| 100 | _aRathee, Rohit | ||
| 245 | _aTextbook on yoga and health | ||
| 260 |
_bIshika Publishing House _c2025 _aJaipur |
||
| 300 | _aviii, 324 | ||
| 650 | _aYoga | ||
| 650 | _aPersonal Health- Hygiene | ||
| 650 | _aPhysical Fitness | ||
| 942 | _cBK | ||
| 999 |
_c396134 _d396134 |
||